Дорога в Россию : (ბიბ.ჩანაწერი № 49472)
[ მარტივი ფორმატი ]
| 000 -LEADER | |
|---|---|
| fixed length control field | 00961nam a2200253Ia 4500 |
| 001 - CONTROL NUMBER | |
| control field | 16396 |
| 003 - CONTROL NUMBER IDENTIFIER | |
| control field | GE_BSU |
| 005 - DATE AND TIME OF LATEST TRANSACTION | |
| control field | 20220519121906.0 |
| 008 - FIXED-LENGTH DATA ELEMENTS--GENERAL INFORMATION | |
| fixed length control field | 181216s2006||||rus|||||||||||||| ||ru || |
| 020 ## - INTERNATIONAL STANDARD BOOK NUMBER | |
| International Standard Book Number | 586547301 |
| 040 ## - CATALOGING SOURCE | |
| Transcribing agency | GE_BSU |
| 041 ## - LANGUAGE CODE | |
| Language code of text/sound track or separate title | ru |
| 080 ## - UNIVERSAL DECIMAL CLASSIFICATION NUMBER | |
| Universal Decimal Classification number | 811.161.1 А-72 |
| 100 ## - MAIN ENTRY--PERSONAL NAME | |
| Personal name | Антонова, В,Е. |
| 9 (RLIN) | 13778 |
| 245 ## - TITLE STATEMENT | |
| Title | Дорога в Россию : |
| Remainder of title | Учеб.русского языка: (Первый уровень-I):3 / |
| Statement of responsibility, etc. | В.Е. Антонова, М.М.Нахабина, А.А.Тольстых. |
| 264 ## - PRODUCTION, PUBLICATION, DISTRIBUTION, MANUFACTURE, AND COPYRIGHT NOTICE | |
| Place of production, publication, distribution, manufacture | Санкт-Петербург : |
| Name of producer, publisher, distributor, manufacturer | Златоуст, |
| Date of production, publication, distribution, manufacture, or copyright notice | 2006. |
| 300 ## - PHYSICAL DESCRIPTION | |
| Extent | 200 стр.: |
| Other physical details | ил.; |
| Dimensions | 29 см. |
| 653 ## - INDEX TERM--UNCONTROLLED | |
| keyword | Дорога в Россию |
| 653 ## - INDEX TERM--UNCONTROLLED | |
| keyword | Русский Язык |
| 653 ## - INDEX TERM--UNCONTROLLED | |
| keyword | რუსული ენა. გრამატიკა |
| 700 ## - ADDED ENTRY--PERSONAL NAME | |
| Personal name | Нахабина, М. М. |
| Relator term | ავტორი |
| 9 (RLIN) | 13779 |
| 700 ## - ADDED ENTRY--PERSONAL NAME | |
| Personal name | Тольстых, А. А. |
| Relator term | ავტორი |
| 9 (RLIN) | 13780 |
| 942 ## - ADDED ENTRY ELEMENTS (KOHA) | |
| Koha item type | წიგნი |
| Source of classification or shelving scheme | |
| Withdrawn status | Lost status | Source of classification or shelving scheme | Damaged status | Not for loan | Permanent Location | Current Location | Shelving location | Date acquired | Cost, normal purchase price | Full call number | Barcode | Date last seen | Copy number | Price effective from | Koha item type | Public note |
|---|---|---|---|---|---|---|---|---|---|---|---|---|---|---|---|---|
| ბათუმის შოთა რუსთაველის სახელმწიფო უნივერსიტეტის მთავარი ბიბლიოთეკა | ბათუმის შოთა რუსთაველის სახელმწიფო უნივერსიტეტის მთავარი ბიბლიოთეკა | წიგნსაცავი | 2018-12-17 | 10.00 | 811.161.1 А-72 | 40956 | 2018-12-17 | 40956 | 2018-12-17 | წიგნი | 10 ლ. | |||||
| ბათუმის შოთა რუსთაველის სახელმწიფო უნივერსიტეტის მთავარი ბიბლიოთეკა | ბათუმის შოთა რუსთაველის სახელმწიფო უნივერსიტეტის მთავარი ბიბლიოთეკა | წიგნსაცავი | 2018-12-17 | 10.00 | 811.161.1 А-72 | 40957 | 2018-12-17 | 40957 | 2018-12-17 | წიგნი | 10 ლ. | |||||
| ბათუმის შოთა რუსთაველის სახელმწიფო უნივერსიტეტის მთავარი ბიბლიოთეკა | ბათუმის შოთა რუსთაველის სახელმწიფო უნივერსიტეტის მთავარი ბიბლიოთეკა | წიგნსაცავი | 2018-12-17 | 10.00 | 811.161.1 А-72 | 40958 | 2018-12-17 | 40958 | 2018-12-17 | წიგნი | 10 ლ. | |||||
| ბათუმის შოთა რუსთაველის სახელმწიფო უნივერსიტეტის მთავარი ბიბლიოთეკა | ბათუმის შოთა რუსთაველის სახელმწიფო უნივერსიტეტის მთავარი ბიბლიოთეკა | წიგნსაცავი | 2018-12-17 | 10.00 | 811.161.1 А-72 | 40959 | 2018-12-17 | 40959 | 2018-12-17 | წიგნი | 10 ლ. | |||||
| ბათუმის შოთა რუსთაველის სახელმწიფო უნივერსიტეტის მთავარი ბიბლიოთეკა | ბათუმის შოთა რუსთაველის სახელმწიფო უნივერსიტეტის მთავარი ბიბლიოთეკა | წიგნსაცავი | 2018-12-17 | 10.00 | 811.161.1 А-72 | 40960 | 2018-12-17 | 40960 | 2018-12-17 | წიგნი | 10 ლ. | |||||
| ბათუმის შოთა რუსთაველის სახელმწიფო უნივერსიტეტის მთავარი ბიბლიოთეკა | ბათუმის შოთა რუსთაველის სახელმწიფო უნივერსიტეტის მთავარი ბიბლიოთეკა | წიგნსაცავი | 2018-12-17 | 10.00 | 811.161.1 А-72 | 40961 | 2018-12-17 | 40961 | 2018-12-17 | წიგნი | 10 ლ. | |||||
| ბათუმის შოთა რუსთაველის სახელმწიფო უნივერსიტეტის მთავარი ბიბლიოთეკა | ბათუმის შოთა რუსთაველის სახელმწიფო უნივერსიტეტის მთავარი ბიბლიოთეკა | წიგნსაცავი | 2018-12-17 | 10.00 | 811.161.1 А-72 | 40962 | 2018-12-17 | 40962 | 2018-12-17 | წიგნი | 10 ლ. | |||||
| ბათუმის შოთა რუსთაველის სახელმწიფო უნივერსიტეტის მთავარი ბიბლიოთეკა | ბათუმის შოთა რუსთაველის სახელმწიფო უნივერსიტეტის მთავარი ბიბლიოთეკა | წიგნსაცავი | 2018-12-17 | 10.00 | 811.161.1 А-72 | 40963 | 2018-12-17 | 40963 | 2018-12-17 | წიგნი | 10 ლ. |
